<?xml version="1.0" encoding="UTF-8"?>
<collection xmlns="http://www.loc.gov/MARC21/slim">
 <record>
  <leader>00421pamaa2200121   4500</leader>
  <controlfield tag="001">0000048393</controlfield>
  <controlfield tag="005">20101210090000.0</controlfield>
  <controlfield tag="008">101210                             eng  </controlfield>
  <datafield tag="245" ind1="0" ind2="0">
   <subfield code="a">Signal Processing : </subfield>
   <subfield code="b">Image Communication : </subfield>
   <subfield code="b">Image Communication : </subfield>
   <subfield code="b">vol. 23, no. 1-5, 2008.</subfield>
  </datafield>
  <datafield tag="260" ind1="0" ind2="0">
   <subfield code="a">Amsterdam: </subfield>
   <subfield code="b">Elsevier, </subfield>
   <subfield code="c">2008-.</subfield>
  </datafield>
  <datafield tag="300" ind1=" " ind2=" ">
   <subfield code="a">v. : ill. (some col.) ; 30 cm.</subfield>
  </datafield>
  <datafield tag="650" ind1="0" ind2="0">
   <subfield code="a">Signal Processing -- </subfield>
   <subfield code="x">Periodicals </subfield>
  </datafield>
  <datafield tag="901" ind1=" " ind2=" ">
   <subfield code="u">www.elsevier.com</subfield>
  </datafield>
 </record>
</collection>
